XML web servieces with Java

Αποθηκεύτηκε σε:
Λεπτομέρειες βιβλιογραφικής εγγραφής
Μορφή: Sách
Γλώσσα:Undetermined
Έκδοση:  Aptech Limited  2005
Θέματα:
Ετικέτες: Προσθήκη ετικέτας
Δεν υπάρχουν, Καταχωρήστε ετικέτα πρώτοι!
Thư viện lưu trữ: Trung tâm Thư viện - Trường Đại học Công nghiệp TP. Hồ Chí Minh
LEADER 00404nam a2200133Ia 4500
001 UIH_02480
008 231011s9999 xx 000 0 und d
082 |a  005.133 
245 0 |a  XML web servieces with Java 
260 |b  Aptech Limited 
260 |c  2005 
650 |a  Lập trình web;  
927 |a Sách 
980 |a Trung tâm Thư viện - Trường Đại học Công nghiệp TP. Hồ Chí Minh